01127nam a2200313Ia 4500001001200000003000800012006001900020007001500039008004100054010001700095020001800112040002100130035002100151050002800172082001800200100002000218245009300238260004300331300001100374500002000385533015200405630001600557650002500573650002600598655002900624710001700653856012600670999001700796ebr10275633CaPaEBRm u cr cn|||||||||080725s2008 inu s 001 0 eng d z 2008033212 z9780470257012 aCaPaEBRcCaPaEBR a(OCoLC)64679612214aQA76.9.D3bV5254 2008eb04a005.75/852221 aVieira, Robert.10aBeginning Microsoft SQL Server 2008 programmingh[electronic resource] /cRobert Vieira. aIndianapolis, IN :bWiley Pub.,c2008. a682 p. aIncludes index. aElectronic reproduction.bPalo Alto, Calif. :cebrary,d2009.nAvailable via World Wide Web.nAccess may be limited to ebrary affiliated libraries.00aSQL server. 0aDatabase management. 0aRelational databases. 7aElectronic books.2local2 aebrary, Inc.40uhttp://site.ebrary.com/lib/rucke/Doc?id=10275633zAn electronic book accessible through the World Wide Web; click to view c20836d20836